000 00350nam a22001217a 4500
008 230627b xxu||||| |||| 00| 0 eng d
082 _a338.9
_bDPR
245 _aDevelopment Policy Review
_bTheme Issue: Growth and Poverty in Asia: Where Next?
260 _aUK
_bBlackwell Publishing
300 _as112p
440 _n1
_pSupplement
_v24
942 _2ddc
_cBK
999 _c2893
_d2893